00905nam a2200241 a 450000100060000000300080000600500170001400800410003103500190007203500190009104000270011004100080013708200220014510000570016724500450022426000940026930000260036350400660038960000390045594200120049499900170050695201400052318795BD-RjUL20211209000333.0140222s1965 mau b 000 0beng d a(BD-RjUL)18853 a(BD-RjUL)18853 aDLCcDLCdBD-RjULbeng aeng a823.91bGUC 19651 aGuérard, Albert J.q(Albert Joseph),d1914-95329710aConrad the novelist /cAlbert J. Guerard aCambridge, Mass. :bHarvard University Press ;aOxford University Press :bLondon,cc1958 axiv, 322 p. :c22 cm. aBibliographical references included in "Notes" (p. [307]-315)10aConrad, Joseph,d1857-1924.957950 2ddccBK c18795d18795 00102ddc40718FICaRUCLbRUCLcReadingd1968-06-11eZeittingerg57.00l0o823.91 GUC 1965r2014-02-22 00:00:00tC-1w2014-02-22yBK